Historias secretas de la última guerra : con 23 fotografías y 8 cartas geográficas /

Se compilan aquí crónica de momentos (el desembarco en Normandía, Pearl Harbor, Heidelberg, etc.) y personajes (Hitler, Montgomery, Rommel, etc.) muy diversos de la Segunda Guerra Mundial, sin olvidar historias más anónimas de miembros de la resistencia.

Guardat en:
Dades bibliogràfiques
Autor corporatiu: Selecciones del Reader's Digest (compilación)
Format: Llibre
Idioma:espanyol
Publicat: México : Reader's Digest 1963, c1963
Matèries:
Etiquetes: Afegir etiqueta
Sense etiquetes, Sigues el primer a etiquetar aquest registre!

MARC

LEADER 00000nam^a2200000^a^4500
001 000185740
005 20250521000000.0
009 20260310102201.984
037 |a Acervo ITESO - Biblioteca 
041 |a ESP 
082 |a 940. 53  |b HIS 
245 0 0 |a Historias secretas de la última guerra :  |b con 23 fotografías y 8 cartas geográficas /  |c Comp. de Selecciones del Reader's Digest. 
264 4 |a México :  |b Reader's Digest  |c 1963, c1963 
300 |a 463 p. 
336 |a texto  |b txt  |2 rdacontenido 
337 |a sin mediación  |b n  |2 rdamedio 
338 |a volumen  |b nc  |2 rdasoporte 
520 |a Se compilan aquí crónica de momentos (el desembarco en Normandía, Pearl Harbor, Heidelberg, etc.) y personajes (Hitler, Montgomery, Rommel, etc.) muy diversos de la Segunda Guerra Mundial, sin olvidar historias más anónimas de miembros de la resistencia. 
649 |a XX 
650 |a Guerra Mundial (Segunda), 1939-1945 -  |x Tema Principal 
650 |a Europa -  |x Historia -  |y 1939-1945 
650 |a Europa -  |x Historia -  |y Siglo XX 
650 |a Japón -  |x Historia -  |y Período Showa, 1926-1989 
650 |a Japón -  |x Historia -  |y Siglo XX 
650 |a Historia Moderna -  |y Siglo XX 
650 |a Historia Universal 
710 |a Selecciones del Reader's Digest  |e (compilación) 
910 |a Fondo General 
920 |a Impresos - Libros 
930 |a Colección General 
905 |a 101 
901 |a 0500127128  |b IT1  |c ACC  |u 20250521 
902 |a https://opac.biblio.iteso.mx/vufind/Record/000185740